00923nam a2200253 u 450000100070000000500170000700800410002403500110006504000130007604100080008908000060009710000480010324501430015126000430029430000150033750401080035265000320046065000220049265000330051465000250054777300710057294200090064399900170065215893420240304090713.0971216s1957 ||||||m| spa  a158934 ccomduadb aspa aT10aVasquez Lopez, J. Climaco4auteaut948998710aRevision de los casos de embarazo ectopico ocurridos en el Hospital de San Vicente de Paul de esta ciudad, durante los anos de 1951 a 1956 aMedellín :b[sin publicador],c1957. a138h. .il. aTesis(Doctor en Medicina y CIrugia).Universidad de Antioquia,Facultad de Medicina y Ciencias Naturales. 0aEmbarazo ectópico9173575 7aAborto2dcs92454 7aBioestadística2dcs940780 7aEmbarazo2lemb914280 tTesis Facultad de Medicina U. de A. 421g138h. .il.w158932072054 cBOOK c75904d75904